| 000 | 01384nam a22002537a 4500 | ||
|---|---|---|---|
| 005 | 20260416101047.0 | ||
| 008 | 260416b |||||||| |||| 00| 0 eng d | ||
| 040 | _cAL | ||
| 041 | _aeng | ||
| 082 |
_a621.3815 _bTOKS |
||
| 100 |
_aRoger L Tokheim _9261767 |
||
| 245 | _aSchaums outline of theory and problems of digital principles Ed 3 | ||
| 250 | _a3 | ||
| 260 |
_aChennai _bMcGraw Hill Education India Pvt Ltd _c2020 |
||
| 300 |
_avii,352p _bPB _c28x21cm |
||
| 365 |
_2Electronics and Communication Engineering _aVBI-2645 _b₹543.75 _c₹ _d₹725.00 _e25% _f20-02-2026 |
||
| 440 |
_aSchaums outline series _9261768 |
||
| 520 | _aIf you want top grades and thorough understanding of digital principles, this powerful study tool is the best tutor you can have! It takes you step-by-step through the subject and gives you accompanying related problems with fully worked solutions. You also get additional problems to solve on your own, working at your own speed. (Answers at the back show you how you’re doing.) Famous for their clarity, wealth of illustrations and examples—and lack of dreary minutiae—Schaum’s Outlines have sold more than 30 million copies worldwide. This guide will show you why! | ||
| 650 |
_aDigital Electronics _9261769 |
||
| 650 |
_aBinary Codes _9261770 |
||
| 650 |
_aLogic Gates _9261771 |
||
| 650 |
_aTTL and CMOS _9261772 |
||
| 942 |
_2ddc _cBK |
||
| 999 |
_c241258 _d241258 |
||